| 000 | 00999nam a2200301Ia 4500 | ||
|---|---|---|---|
| 001 | Z_2286 | ||
| 003 | CHAP | ||
| 008 | 220113s2000 xx 000 0 und d | ||
| 010 | _a165341 | ||
| 040 | _cCHAP | ||
| 090 | _aTesis G 1435 | ||
| 100 |
_aGómez Heras, Francisco Javier _949742 |
||
| 245 |
_aProducción y balance nutricional parcial de vacas Holstein de primer parto en lactancia suplementadas con metionina y grasa de sobrepaso / _cpor Francisco Javier Gómez Heras y José Abner Fraga Aguilar |
||
| 260 |
_aChapingo, Méx. : _bEl autor, _c2000 |
||
| 300 | _a96 h. | ||
| 502 | _aTesis (Ing. Agr. Esp. en Zootecnia) -- UACH. Departamento de Zootecnia | ||
| 650 |
_aGanado Holstein _945133 |
||
| 650 |
_aGrasas y aceites en nutrición animal _950455 |
||
| 650 |
_aMateria seca _972933 |
||
| 650 |
_aMetionina _975235 |
||
| 700 |
_aFraga Aguilar, José Abner _942837 |
||
| 901 | _aTESIS G 1435 | ||
| 902 | _aM | ||
| 910 | _a2000 | ||
| 942 | _c2 | ||
| 942 | _c2 | ||
| 999 |
_c165341 _d165341 |
||